Logo CIB grande

CIENCIAS DE LA TIERRA: UNA INTRODUCCION A LA GEOLOGIA FISICA (Registro nro. 229184)

Detalles MARC
000 -LEADER
campo de control de longitud fija 00639nam a2200253Ia 4500
005 - FECHA Y HORA DE LA ÚLTIMA TRANSACCIÓN
campo de control 20250425162432.0
008 - DATOS DE LONGITUD FIJA--INFORMACIÓN GENERAL
campo de control de longitud fija 250425s9999 xx 000 0 und d
020 ## - NÚMERO INTERNACIONAL ESTÁNDAR DEL LIBRO
Número Internacional Estándar del Libro 9788420544007
041 ## - CÓDIGO DE IDIOMA
Código de lengua del texto/banda sonora o título independiente spa
082 ## - NÚMERO DE LA CLASIFICACIÓN DECIMAL DEWEY
Número de clasificación 551
010 ## - NÚMERO DE CONTROL DE LA BIBLIOTECA DEL CONGRESO
Número de control de LC 73852
100 ## - ENTRADA PRINCIPAL--NOMBRE DE PERSONA
Nombre de persona TARBUCK, EDWARD J.
245 #0 - MENCIÓN DEL TÍTULO
Título CIENCIAS DE LA TIERRA: UNA INTRODUCCION A LA GEOLOGIA FISICA
250 ## - MENCION DE EDICION
Mención de edición 8A ED.
260 ## - PUBLICACIÓN, DISTRIBUCIÓN, ETC.
Lugar de publicación, distribución, etc. España
Nombre del editor, distribuidor, etc. PEARSON EDUCACION
Fecha de publicación, distribución, etc. 2005
260 ## - PUBLICACIÓN, DISTRIBUCIÓN, ETC.
Lugar de publicación, distribución, etc. MADRID
300 ## - DESCRIPCIÓN FÍSICA
Extensión 686
500 ## - NOTA GENERAL
Nota general INCLUYE 1 CD
650 ## - PUNTO DE ACCESO ADICIONAL DE MATERIA--TÉRMINO DE MATERIA
Término de materia o nombre geográfico como elemento de entrada CIENCIAS DE LA TIERRA
650 ## - PUNTO DE ACCESO ADICIONAL DE MATERIA--TÉRMINO DE MATERIA
Término de materia o nombre geográfico como elemento de entrada GEOLOGIA
650 ## - PUNTO DE ACCESO ADICIONAL DE MATERIA--TÉRMINO DE MATERIA
Término de materia o nombre geográfico como elemento de entrada GEOLOGIA FISICA
700 ## - ENTRADA AGREGADA--NOMBRE PERSONAL
Nombre de persona LUTGENS, FREDERICK K.
942 ## - ELEMENTOS DE ENTRADA SECUNDARIOS (KOHA)
Tipo de ítem Koha Libros
Existencias
Estatus retirado Estado de pérdida Estado de daño No para préstamo Biblioteca de origen Biblioteca actual Ubicación en estantería Fecha de adquisición Coste, precio normal de compra Etiqueta RFID Total de préstamos Código de barras Copia número Tipo de ítem Koha
        CENTRO DE INFORMACIÓN BIBLIOTECARIA CENTRO DE INFORMACIÓN BIBLIOTECARIA   07/05/2010 81.00 0000000000000000016444   54346 1 Libros
        CENTRO DE INFORMACIÓN BIBLIOTECARIA CENTRO DE INFORMACIÓN BIBLIOTECARIA   07/05/2010 81.00     54347 2 Libros
        CENTRO DE INFORMACIÓN BIBLIOTECARIA CENTRO DE INFORMACIÓN BIBLIOTECARIA   07/05/2010 81.00 0000000000000000016442   54348 3 Libros

Copyright 2025 ESPOL. Todos los derechos reservados.